Responses for Show #6311 - Monday, February 13, 2012

2012 College Championship final game 1.

Contestants

[<< previous game]

Zack Terrill, a senior at Vanderbilt University from Winter Springs, Florida

Monica Thieu, a sophomore at the University of North Texas from Dallas, Texas

Sarah Bart, a senior at Goucher College from Philadelphia, Pennsylvania

[next game >>]

Jeopardy! Round responses

NORTH AMERICA THE BEAUTIFUL
COLLEGE COURSES
VIRAL VIDEOS
CONSTELLATION NAMES
FACTS & FIGURES
NICE "INK"
(Alex: Those three letters will either end or begin each correct response.)
    $200 1
South Dakota

Sarah
    $200 21
Lincoln

Monica
    $200 8
Britney Spears

Zack
    $200 16
the Argo

Sarah
    $200 26
the Dow Jones

Zack
    $200 9
a rink

Zack
    $400 2
Cabo San Lucas

Monica
    $400 22
Psychology

Sarah
    $400 3
a double rainbow

Zack
    $400 17
a horse

Sarah
    $400 27
Activision

Monica
    $400 10
a mink

Sarah
    $600 4
Nashville

Monica
    $600 23
(Monica: What are studies?)

vampires

SarahMonica
    $600 5
Susan Boyle

Monica
    $600 18
(Monica: Who is Apollo?)

Orpheus

SarahMonica
    $600 28
butter

Zack
    $600 13
an inkblot

Monica
    $800 11
(Monica: What is Wyoming?)

Montana

SarahMonica
    $3,600 24
Chaucer

Sarah
    $800 6
Charlie

Monica
    $800 19
a hare

Monica
    $800 29
the raccoon

Sarah
    $800 14
an inkling

Monica
    $1000 12
the St. Lawrence

Zack
    $1000 25
entomology

Monica
    $1000 7
Numa Numa

Monica
    $1000 20
Sagittarius

Monica
    $1000 30
Russia

Monica
    $1000 15
hoodwink

Zack

Scores at the first commercial break (after clue 15):

Sarah Monica Zack
$1,400 $4,000 $2,800

Scores at the end of the Jeopardy! Round:

Sarah Monica Zack
$8,000 $7,200 $3,600

Double Jeopardy! Round responses

COUNTRY CONFUSION
MOVIE LINES
THE ELEMENTS OF STYLE?
SHORT STORY FILL-IN
VOCABULARY
HISTORY IS STRANGE
    $400 10
South America

Sarah
    $400 5
Transformers

Zack
    $400 11
neon

Zack
    $400 24
Celebrated

Sarah
    $400 29
suffrage

Monica
    $400 23
London

Zack
    $800 9
Yugoslavia

Sarah
    $800 4
Anchorman

Monica
    $800 12
carbon

Zack
    $800 25
Owl

Zack
    $800 30
lumber

Sarah
    $800 22
Coca-Cola

Monica
    $1200 6
Mauritius

Sarah
    $1200 1
Up

Zack
    $1200 13
gold

Monica
    $1200 26
Brokeback

Sarah
    $1200 16
soliloquy

Monica
    $1200 19
(Monica: Who is Mark Twain?)
(Zack: Who is Oscar Wilde?)
(Sarah: Who is Pulitzer?)

Alfred Nobel

SarahMonicaZack
Triple Stumper
    $1600 7
Bissau

Sarah
    $1600 2
The Hangover

Zack
    $1600 14
radium

Monica
    $1600 27
Emily

Triple Stumper
    $1600 17
a frenemy

Sarah
    $1600 20
the vestal virgins

Sarah
    $2000 8
the Antilles

Zack
    $2000 3
Ghostbusters

Zack
    $2000 15
silver

Monica
    $2000 28
Hard to Find

Sarah
    $4,000 18
(Sarah: I don't know.)

synchronicity

Sarah
    $3,000 21
(Alex: That's where we get the word "slave".)

the Slavs

Sarah

Scores at the end of the Double Jeopardy! Round:

Sarah Monica Zack
$17,400 $14,000 $12,000

Final Jeopardy! Round responses

ANNIVERSARIES
ZackWhat is the Oxford English Dictionary?
$4,000
MonicaWhat is the King James Bible???
$4,000
SarahWhat is the Oxford English [small scribble]
$7,600
the King James Bible

Final scores:

Sarah Monica Zack
$9,800 $18,000 $8,000

Game dynamics:

Coryat scores:

Sarah Monica Zack
$17,600 $14,000 $12,000
21 R
(including 2 DDs),
2 W
(including 1 DD)
20 R,
4 W
16 R,
1 W

Combined Coryat: $43,600

[game clues] [game scores] [suggest correction]

Game tape date: 2012-01-06
The J! Archive is created by fans, for fans. Scraping, republication, monetization, and malicious use prohibited; this site may use cookies and collect identifying information. See terms. The Jeopardy! game show and all elements thereof, including but not limited to copyright and trademark thereto, are the property of Jeopardy Productions, Inc. and are protected under law. This website is not affiliated with, sponsored by, or operated by Jeopardy Productions, Inc. Join the discussion at JBoard.tv.